000 00811nam a2200229 a 4500
001 7740
003 CO-ViMGA
008 141112s2004 ck r 000 u spa d
020 _a9589028540
040 _aCO-ViMGA
_bspa
_cCO-ViMGA
082 0 4 _a327.861087 L65f
100 1 _aLONDONO PAREDES, JULIO
_97216
245 1 0 _aLA FRONTERA TERRESTRE COLOMBO - VENEZOLANA :
_bEL PROCESO DE LA FIJACION DE 1492 - 1941
260 _aBogotá,
_cBANCO DE LA REPUBLICA,
_c1990
300 _a498 p, mapas, 19 cm
490 _aColeccion Bibliografica Banco de la Republica, Historia Colombiana
650 1 4 _aColombia - limites - Venezuela
_96517
650 1 4 _aconflicto fronterizo - colombo - venezolano
_97217
650 1 4 _aplataforma continental
_97218
650 1 4 _aVenezuela - limites - Colombia
_96518
942 _2ddc
_cBK
999 _c19655
_d19655